|
|
|
|
| LEADER |
00000nam0a2200000 4500 |
| 001 |
369017 |
| 005 |
20231102012136.0 |
| 035 |
|
|
|a (RuTPU)RU\TPU\retro\26399
|
| 090 |
|
|
|a 369017
|
| 100 |
|
|
|a 20220427d1980 m y0rusy50 ca
|
| 101 |
0 |
|
|a rus
|
| 102 |
|
|
|a RU
|
| 105 |
|
|
|a a z 000zy
|
| 200 |
1 |
|
|a Свет озарений
|f О. П. Мороз
|
| 210 |
|
|
|a Москва
|c Знание
|d 1980
|
| 215 |
|
|
|a 208 с.
|c ил.
|
| 225 |
1 |
|
|a Жизнь замечательных идей
|
| 606 |
1 |
|
|a Свет, теория
|2 stltpush
|3 (RuTPU)RU\TPU\subj\54144
|9 72303
|
| 610 |
1 |
|
|a оптика
|
| 610 |
1 |
|
|a волны
|
| 610 |
1 |
|
|a частицы
|
| 610 |
1 |
|
|a кванты
|
| 610 |
1 |
|
|a открытия
|
| 610 |
1 |
|
|a волновая теория
|
| 610 |
1 |
|
|a корпускулярная теория
|
| 610 |
1 |
|
|a история
|
| 610 |
1 |
|
|a 17 век
|
| 675 |
|
|
|a 535.1(09)
|v 4
|
| 700 |
|
1 |
|a Мороз
|b О. П.
|g Олег Павлович
|
| 801 |
|
1 |
|a RU
|b 63413507
|c 20220427
|
| 942 |
|
|
|c BK
|